Quiz sur le football autrichien - Statistiques

Statistiques générales
  • Ce quiz a été pris 89 fois
  • Le résultat moyen est 6 sur 13
Statistiques - réponses
Question Réponse % Correct
Défenseur ayant notamment joué au Bayern Munich et au Real Madrid David Alaba
93%
2 clubs principaux de Vienne {Rapid} Vienne
88%
Club qui a remporté 8 des 9 derniers titres du championnat autrichien Red Bull Salzbourg
84%
Capitaine de l'équipe d'Autriche, qui évolue à Dortmund Marcel Sabitzer
68%
2 clubs principaux de Vienne {Austria} Vienne
59%
International français passé par ce club entre 2015 et 2017 Dayot Upamecano
59%
Joueur le plus capé de la sélection Marko Arnautović
59%
Année lors de laquelle l'Autriche remporte la petite finale d'une Coupe du Monde 1954
48%
Club champion 2024 du championnat d'Autriche Sturm Graz
47%
Cette petite finale a été remportée face à cette équipe Uruguay
21%
Meilleur buteur de la sélection Toni Polster
8%
Surnom de la sélection lors de cette époque Wunderteam
4%
Sélectionneur de 1912 à 1937 lors l'âge d'or de la sélection autrichienne Hugo Meisl
1%
Aucun quiz correspondant
Distribution des résultats
% des personnes avec chaque résultat
Percentile par nombre de réponses
Votre historique - résultats
Vous n’avez pas pris ce quiz